[Event "WchT Seniors 65"]
[Site "Prague"]
[Date "2020.03.07"]
[Round "2.7"]
[White "Dekan, Hans"]
[Black "Boudre, Jean Pierre"]
[Result "0-1"]
[WhiteElo "2099"]
[BlackElo "2263"]
[PlyCount "80"]
[EventDate "2020.03.06"]
[EventType "team-swiss"]
[EventRounds "7"]
[EventCountry "CZE"]
[SourceTitle "CBM 195 Extra"]
[Source "ChessBase"]
[SourceDate "2020.05.31"]
[SourceVersion "1"]
[SourceVersionDate "2020.05.31"]
[SourceQuality "1"]
[WhiteTeam "Germany 65 VI"]
[BlackTeam "France 65"]
[WhiteTeamCountry "GER"]
[BlackTeamCountry "FRA"]

1. e4 e5 2. Nf3 Nc6 3. Bc4 Nf6 4. d3 Be7 5. 0-0 0-0 6. Nc3 d6 7. h3 Na5 8. Bb3 Nxb3 9. axb3 c6 10. d4 Qc7 11. Be3 b5 12. b4 a6 13. Qe2 Bb7 14. Bg5 Rfe8 15. dxe5 dxe5 16. Bxf6 Bxf6 17. Nd1 Be7 18. c3 c5 19. bxc5 Bxc5 20. b4 Bb6 21. Rc1 Rac8 22. Nd2 Qe7 23. Ne3 Qe6 24. Rfd1 Red8 25. Nf5 g6 26. Ne3 Kg7 27. Kh2 Rd7 28. Rc2 Rcd8 29. Nef1 Qf6 30. f3 h5 31. g3 h4 32. Qg2 hxg3+ 33. Qxg3 Rh8 34. Re1 Rdd8 35. Ne3 Bxe3 36. Rxe3 Bc8 37. Kg1 Rxh3 38. Qg2 Qh4 39. Nf1 Rh8 40. Nh2 Rg3 0-1

[Event "GER-chT Laender Seniors 65+"]
[Site "Templin"]
[Date "2018.09.14"]
[Round "5.3"]
[White "Dekan, Hans"]
[Black "Rust Lux, Klaus"]
[Result "0-1"]
[WhiteElo "2132"]
[BlackElo "2071"]
[PlyCount "72"]
[EventDate "2018.09.10"]
[EventType "team-swiss"]
[EventRounds "7"]
[EventCountry "GER"]
[SourceTitle "EXT 2020"]
[Source "ChessBase"]
[SourceDate "2019.10.17"]
[SourceVersion "1"]
[SourceVersionDate "2019.10.17"]
[SourceQuality "1"]
[WhiteTeam "Baden II"]
[BlackTeam "Bremen"]
[WhiteTeamCountry "GER"]
[BlackTeamCountry "GER"]

1. e4 d6 2. d4 Nf6 3. Nc3 g6 4. Nf3 Bg7 5. Be2 0-0 6. 0-0 c6 7. a4 Qc7 8. h3 Nbd7 9. Be3 b6 10. Qd2 a6 11. Nh2 Bb7 12. Ng4 Nxg4 13. hxg4 b5 14. f4 b4 15. Na2 c5 16. Bf3 a5 17. Rad1 Rfc8 18. c3 Nb6 19. dxc5 dxc5 20. Qc2 Ba6 21. Rf2 Nc4 22. Bc1 Rab8 23. b3 Na3 24. Bxa3 bxa3 25. Rfd2 Qxf4 26. Rd7 Be5 27. c4 Bd4+ 28. Kf1 Qe3 29. R7xd4 cxd4 30. Rd3 Qf4 31. Rxd4 Ra8 32. Rd8+ Rxd8 33. Ke2 Qe5 34. Nc3 e6 35. Qc1 Rab8 36. Qc2 Bxc4+ 0-1

[Event "WchT Seniors 65"]
[Site "Dresden"]
[Date "2018.07.13"]
[Round "7.6"]
[White "Povah, Nigel Edward"]
[Black "Dekan, Hans"]
[Result "1-0"]
[WhiteElo "2245"]
[BlackElo "2134"]
[PlyCount "135"]
[EventDate "2018.07.07"]
[EventType "team-swiss"]
[EventRounds "9"]
[EventCountry "GER"]
[SourceTitle "CBM 185 Extra"]
[Source "ChessBase"]
[SourceDate "2018.07.29"]
[SourceVersion "1"]
[SourceVersionDate "2018.07.29"]
[SourceQuality "1"]
[WhiteTeam "England"]
[BlackTeam "Eppingen"]
[WhiteTeamCountry "ENG"]
[BlackTeamCountry "GER"]

1. d4 d5 2. Bf4 c6 3. e3 Bf5 4. c4 e6 5. Nc3 Bd6 6. Qb3 b6 7. Bg3 Nf6 8. Nf3 Bxg3 9. hxg3 0-0 10. Rc1 Re8 11. Be2 Nbd7 12. cxd5 exd5 13. a4 a5 14. 0-0 Qe7 15. Na2 c5 16. dxc5 bxc5 17. Bb5 Reb8 18. Nc3 c4 19. Qa2 Ne5 20. Rcd1 Nd3 21. Nd4 Bd7 22. b3 Nb4 23. Qa3 Rc8 24. bxc4 dxc4 25. Rd2 Be6 26. Rfd1 Bg4 27. Rc1 Be6 28. Rcd1 Bg4 29. Re1 Qc5 30. f3 Be6 31. Nxe6 fxe6 32. Ree2 Rd8 33. Qc1 Rd3 34. Nd1 Rad8 35. Bxc4 Kf8 36. Rxd3 Rxd3 37. Nb2 Rd6 38. Kf2 Nfd5 39. Qe1 Nb6 40. Bb5 Qe5 41. Rd2 Rd5 42. Rxd5 exd5 43. Qd2 Ke7 44. Nd3 Qd6 45. Qc3 Kf7 46. Qd4 Nc2 47. Qe5 Qxe5 48. Nxe5+ Ke6 49. Nc6 Nc4 50. Bxc4 dxc4 51. Nxa5 Kd5 52. Ke2 Kc5 53. Kd2 Na3 54. e4 Kb4 55. Nc6+ Kxa4 56. Kc3 Kb5 57. Nd4+ Kc5 58. Ne6+ Kb5 59. e5 Nb1+ 60. Kb2 Nd2 61. Nd4+ Kc5 62. e6 Kxd4 63. e7 Kd3 64. e8Q c3+ 65. Ka2 c2 66. Qd7+ Ke2 67. Kb2 Kd1 68. Qa4 1-0

[Event "GER CupT Baden Seniors final"]
[Site "Karlsruhe"]
[Date "2018.06.24"]
[Round "3.3"]
[White "Vatter, Hans Joachim"]
[Black "Dekan, Hans"]
[Result "1-0"]
[WhiteElo "2216"]
[BlackElo "2134"]
[PlyCount "61"]
[EventDate "2018.06.24"]
[EventType "team-k.o."]
[EventRounds "4"]
[EventCountry "GER"]
[SourceTitle "EXT 2019"]
[Source "ChessBase"]
[SourceDate "2018.10.10"]
[SourceVersion "1"]
[SourceVersionDate "2018.10.10"]
[SourceQuality "1"]
[WhiteTeam "Emmendingen Seniors"]
[BlackTeam "Eppingen Seniors"]
[WhiteTeamCountry "GER"]
[BlackTeamCountry "GER"]

1. e4 c5 2. Nf3 Nc6 3. d4 cxd4 4. Nxd4 e5 5. Nb5 d6 6. N1c3 a6 7. Na3 b5 8. Nd5 Nf6 9. Bg5 Be7 10. Bxf6 Bxf6 11. c3 0-0 12. Nc2 Bg5 13. a4 Rb8 14. axb5 axb5 15. Be2 Ne7 16. Ncb4 Bb7 17. 0-0 Nxd5 18. Nxd5 Kh8 19. Bxb5 f5 20. exf5 Bc8 21. Qe2 Bxf5 22. b4 Qc8 23. Ra6 Qb7 24. c4 Rbd8 25. Rfa1 Ra8 26. h4 Bxh4 27. Rxa8 Rxa8 28. Rxa8+ Qxa8 29. Qh5 g5 30. Qf7 g4 31. Qxf5 1-0

[Event "Basel op"]
[Site "Basel"]
[Date "2018.01.05"]
[Round "6"]
[White "Pupier, Terry"]
[Black "Dekan, Hans"]
[Result "1/2-1/2"]
[WhiteElo "2107"]
[BlackElo "2138"]
[PlyCount "59"]
[EventDate "2018.01.02"]
[EventType "swiss"]
[EventRounds "9"]
[EventCountry "SUI"]
[SourceTitle "CBM 182 Extra"]
[Source "ChessBase"]
[SourceDate "2018.02.23"]
[SourceVersion "1"]
[SourceVersionDate "2018.02.23"]
[SourceQuality "1"]

1. e4 c5 2. Nf3 Nc6 3. Nc3 Nf6 4. d4 cxd4 5. Nxd4 e5 6. Ndb5 d6 7. Bg5 a6 8. Na3 b5 9. Nd5 Be7 10. Bxf6 Bxf6 11. c3 Bg5 12. Nc2 0-0 13. a4 Rb8 14. axb5 axb5 15. Bd3 Be6 16. Ncb4 Bxd5 17. Nxd5 b4 18. 0-0 bxc3 19. bxc3 Ne7 20. Bc4 Rb2 21. Ra2 Rxa2 22. Bxa2 Qa5 23. Nxe7+ Bxe7 24. Qb3 Qc5 25. Rd1 Bd8 26. Qc4 Bb6 27. Qxc5 Bxc5 28. Bd5 Rb8 29. Ra1 g6 30. Ra8 1/2-1/2

[Event "Basel op"]
[Site "Basel"]
[Date "2018.01.03"]
[Round "3"]
[White "Dekan, Hans"]
[Black "Paul, Johannes"]
[Result "0-1"]
[WhiteElo "2138"]
[BlackElo "2331"]
[PlyCount "122"]
[EventDate "2018.01.02"]
[EventType "swiss"]
[EventRounds "9"]
[EventCountry "SUI"]
[SourceTitle "CBM 182 Extra"]
[Source "ChessBase"]
[SourceDate "2018.02.23"]
[SourceVersion "1"]
[SourceVersionDate "2018.02.23"]
[SourceQuality "1"]

1. e4 e6 2. d4 d5 3. Bd3 c5 4. exd5 exd5 5. dxc5 Bxc5 6. Nf3 Nf6 7. 0-0 0-0 8. Bg5 Nc6 9. Nc3 h6 10. Bh4 Bg4 11. h3 Be6 12. Qd2 Be7 13. Rad1 Qb6 14. Na4 Qc7 15. Bg3 Qc8 16. Rfe1 Rd8 17. Qe2 Re8 18. a3 Bf8 19. Qd2 Rd8 20. Qe2 Bf5 21. Nc3 Re8 22. Qd2 Ne4 23. Bxe4 dxe4 24. Nh2 Qe6 25. Nf1 Rad8 26. Qc1 Bc5 27. Ne3 Bg6 28. Ne2 Qc8 29. b4 Bf8 30. Nf4 Bh7 31. Nfd5 Ne5 32. Bxe5 Rxe5 33. c4 f5 34. Qc3 Rde8 35. c5 Qc6 36. Qc4 Kh8 37. Qd4 Bg8 38. Nf4 g5 39. b5 Qf6 40. Nfd5 Qg7 41. g4 Bxd5 42. Nxd5 Rd8 43. Qc4 Qg8 44. Ne3 Qxc4 45. Nxc4 Rxd1 46. Rxd1 Rxc5 47. Rd8 Kg8 48. Ne3 fxg4 49. Nxg4 Rxb5 50. a4 Rb1+ 51. Kg2 Kf7 52. Rd4 Rb4 53. Nxh6+ Ke6 54. Rxb4 Bxb4 55. Ng4 Bd2 56. f3 e3 57. Kf1 a6 58. Ke2 b5 59. axb5 axb5 60. Nh2 Kf5 61. Ng4 b4 0-1

[Event "Basel op"]
[Site "Basel"]
[Date "2018.01.03"]
[Round "2"]
[White "Terraz, Christian"]
[Black "Dekan, Hans"]
[Result "0-1"]
[WhiteElo "2075"]
[BlackElo "2138"]
[PlyCount "62"]
[EventDate "2018.01.02"]
[EventType "swiss"]
[EventRounds "9"]
[EventCountry "SUI"]
[SourceTitle "CBM 182 Extra"]
[Source "ChessBase"]
[SourceDate "2018.02.23"]
[SourceVersion "1"]
[SourceVersionDate "2018.02.23"]
[SourceQuality "1"]

1. Nf3 d5 2. d4 Nf6 3. e3 Bg4 4. h3 Bh5 5. g4 Bg6 6. Ne5 Nfd7 7. Nxg6 hxg6 8. c4 e6 9. Nc3 c6 10. Qb3 Qb6 11. Bg2 Na6 12. e4 dxc4 13. Qxc4 Qb4 14. Qd3 0-0-0 15. Qe2 Nb6 16. Be3 Qc4 17. Qf3 Bb4 18. Kd2 Na4 19. Rhc1 Nxb2 20. Bf1 Rxd4+ 21. Bxd4 Qxd4+ 22. Kc2 Nc4 23. Bxc4 Qxc4 24. Qd3 Qxd3+ 25. Kxd3 Rxh3+ 26. Kc4 b5+ 27. Kb3 Rf3 28. a4 bxa4+ 29. Kc4 a3 30. Nb1 Kb7 31. Nxa3 Rxa3 0-1

[Event "GER-chT Seniors 26th"]
[Site "Templin"]
[Date "2017.09.26"]
[Round "2.2"]
[White "Dekan, Hans"]
[Black "Daeubler, Heinrich"]
[Result "1/2-1/2"]
[WhiteElo "2152"]
[BlackElo "2165"]
[PlyCount "110"]
[EventDate "2017.09.25"]
[EventType "team-swiss"]
[EventRounds "7"]
[EventCountry "GER"]
[SourceTitle "EXT 2019"]
[Source "ChessBase"]
[SourceDate "2018.10.10"]
[SourceVersion "1"]
[SourceVersionDate "2018.10.10"]
[SourceQuality "1"]
[WhiteTeam "Baden II"]
[BlackTeam "Bayern II"]
[WhiteTeamCountry "GER"]
[BlackTeamCountry "GER"]

1. e4 g6 2. d4 Bg7 3. Nf3 d6 4. h3 a6 5. Bc4 e6 6. 0-0 Ne7 7. Nc3 b5 8. Bd3 Bb7 9. Ne2 Nd7 10. c3 0-0 11. a4 c5 12. axb5 axb5 13. Rxa8 Bxa8 14. Bxb5 cxd4 15. Nexd4 Bxe4 16. Re1 Bxf3 17. Nxf3 Nf6 18. c4 Qc7 19. Qe2 d5 20. b3 Ne4 21. Bb2 Bxb2 22. Qxb2 Nd6 23. Ne5 Nxb5 24. Ng4 d4 25. cxb5 Qc3 26. Qxc3 dxc3 27. Rc1 Nd5 28. Ne3 Rc8 29. Nc4 Rb8 30. b6 Kf8 31. Kf1 Ke7 32. Ke2 h5 33. g3 g5 34. Ra1 Nxb6 35. Ra7+ Kf6 36. Nd6 Rd8 37. Ne4+ Kf5 38. Nxc3 Rd7 39. Ra5+ Kg6 40. Rb5 Nc8 41. Ne4 f6 42. Rb8 Rc7 43. Kd3 f5 44. Nd2 Rd7+ 45. Ke3 Ne7 46. Nc4 Kf6 47. Ke2 Ra7 48. Nd2 Rd7 49. Rf8+ Kg7 50. Re8 Kf7 51. Rh8 Kg6 52. b4 Nc6 53. Rg8+ Kf6 54. Rh8 Kg6 55. Rg8+ Kf6 1/2-1/2

[Event "Alsace-Baden"]
[Site "Strasbourg"]
[Date "2017.09.10"]
[Round "14"]
[White "Toenz, Arthur"]
[Black "Dekan, Hans"]
[Result "1-0"]
[WhiteElo "2126"]
[BlackElo "2152"]
[PlyCount "107"]
[EventDate "2017.09.10"]
[EventType "team-match"]
[EventRounds "1"]
[EventCountry "FRA"]
[SourceTitle "CBM 180 Extra"]
[Source "ChessBase"]
[SourceDate "2017.10.06"]
[SourceVersion "1"]
[SourceVersionDate "2017.10.06"]
[SourceQuality "1"]
[WhiteTeam "Alsace"]
[BlackTeam "Baden"]
[WhiteTeamCountry "FRA"]
[BlackTeamCountry "GER"]

1. d4 d5 2. c4 c6 3. Nf3 Nf6 4. e3 Bf5 5. Nc3 e6 6. Nh4 Bg4 7. Qb3 Qb6 8. h3 Bh5 9. g4 Bg6 10. Nxg6 hxg6 11. Bg2 Na6 12. g5 dxc4 13. Qxb6 axb6 14. gxf6 gxf6 15. 0-0 Nb4 16. Bd2 f5 17. Rfd1 Be7 18. Bf1 g5 19. Bxc4 Rxh3 20. Kg2 Rh4 21. a3 Na6 22. Bxa6 bxa6 23. Na4 b5 24. Nc5 Bxc5 25. dxc5 Ke7 26. Bc3 f6 27. Rh1 Rah8 28. Rxh4 Rxh4 29. Rd1 Rh8 30. Rd6 Rc8 31. Kg3 g4 32. Kg2 e5 33. Kg3 Kf7 34. e4 f4+ 35. Kxg4 Rg8+ 36. Kf3 Rc8 37. Rd7+ Ke6 38. Ra7 f5 39. Rxa6 Kf6 40. Ra7 Rd8 41. exf5 Kxf5 42. Rf7+ Ke6 43. Rc7 Kd5 44. Re7 Kxc5 45. Rxe5+ Kd6 46. Kxf4 c5 47. Ke4 Rg8 48. f4 Rg2 49. Kf5 Rf2 50. Re6+ Kd5 51. Be5 b4 52. axb4 cxb4 53. Rd6+ Kc5 54. Bd4+ 1-0

[Event "Baden Wuerttemberg-ch Seniors op 3rd"]
[Site "Freudenstadt"]
[Date "2017.07.04"]
[Round "5"]
[White "Ackermann, Hans Werner"]
[Black "Dekan, Hans"]
[Result "1/2-1/2"]
[WhiteElo "2290"]
[BlackElo "2142"]
[PlyCount "134"]
[EventDate "2017.06.30"]
[EventType "swiss"]
[EventRounds "9"]
[EventCountry "GER"]
[SourceTitle "EXT 2019"]
[Source "ChessBase"]
[SourceDate "2018.10.10"]
[SourceVersion "1"]
[SourceVersionDate "2018.10.10"]
[SourceQuality "1"]

1. Nf3 d5 2. b3 Nf6 3. Bb2 Bf5 4. g3 e6 5. Bg2 c6 6. 0-0 Be7 7. d3 h6 8. Nbd2 0-0 9. Qe1 Nbd7 10. e4 dxe4 11. dxe4 Bh7 12. Qe2 Qc7 13. e5 Nd5 14. Ne4 Nc5 15. Nfd2 Rad8 16. a3 Rd7 17. Nxc5 Bxc5 18. Ne4 Be7 19. c4 Bxe4 20. Bxe4 Nb6 21. Bc2 Rfd8 22. Rfd1 Rxd1+ 23. Rxd1 Rxd1+ 24. Qxd1 Nd7 25. Qd3 Nf8 26. h4 Qd7 27. Kf1 Qxd3+ 28. Bxd3 Nd7 29. Ke2 h5 30. b4 b6 31. Be4 c5 32. b5 Kf8 33. Bc6 Nb8 34. Bb7 g6 35. Bc3 Bd8 36. Ke3 Bc7 37. Ke4 Nd7 38. Bc8 Ke8 39. Bb7 Nb8 40. Bd2 Bd8 41. Bf4 Kd7 42. Kf3 Ke8 43. Kg2 Kf8 44. Kh3 Kg7 45. Bc8 Bc7 46. f3 Kh7 47. Kg2 Kg8 48. Kf2 Bd8 49. Ke3 Kg7 50. Ke4 Kh7 51. Be3 Kg7 52. Bf2 Kh7 53. g4 hxg4 54. fxg4 g5 55. hxg5 Bxg5 56. a4 Bd8 57. Be3 Kg6 58. Bf4 Bc7 59. Kf3 Bd8 60. Bb7 Nd7 61. Be4+ Kg7 62. Bd3 Bc7 63. Ke4 Kg8 64. Be2 Kg7 65. Bd1 Bb8 66. Be2 Bc7 67. Bd1 Bb8 1/2-1/2

[Event "GER CupT Baden Seniors final"]
[Site "Baden"]
[Date "2017.06.25"]
[Round "4.3"]
[White "Dekan, Hans"]
[Black "Schrems, Hermann"]
[Result "1-0"]
[WhiteElo "2134"]
[BlackElo "2080"]
[PlyCount "118"]
[EventDate "2017.06.24"]
[EventType "team-tourn"]
[EventRounds "2"]
[EventCountry "GER"]
[SourceTitle "EXT 2022"]
[Source "ChessBase"]
[SourceDate "2021.10.06"]
[SourceVersion "1"]
[SourceVersionDate "2021.10.06"]
[SourceQuality "1"]
[WhiteTeam "Eppingen"]
[BlackTeam "Emmendingen/Endingen"]
[WhiteTeamCountry "GER"]
[BlackTeamCountry "GER"]

1. e4 Nf6 2. e5 Nd5 3. Bc4 Nb6 4. Bb3 d5 5. d4 Bf5 6. Ne2 e6 7. Be3 Nc6 8. Qd2 a5 9. c3 a4 10. Bc2 Nc4 11. Qc1 Nxe3 12. fxe3 Bxc2 13. Qxc2 Qd7 14. 0-0 Be7 15. Nd2 0-0 16. e4 Nd8 17. Rf3 c5 18. Raf1 cxd4 19. cxd4 Rc8 20. Nc3 Nc6 21. Qxa4 dxe4 22. Ndxe4 Qxd4+ 23. Qxd4 Nxd4 24. Rd3 Rcd8 25. Rfd1 Nc6 26. Rd7 Rb8 27. Nd6 Bxd6 28. exd6 Rfd8 29. Rc7 e5 30. Rd5 f6 31. Ne4 Nd4 32. Nc5 b5 33. Nb7 Rf8 34. Nc5 Rfd8 35. d7 b4 36. Rb7 Ra8 37. Rxb4 Ra5 38. Rb6 Ne2+ 39. Kf1 Nf4 40. b4 Rxa2 41. Rd1 Nxg2 42. Rd3 Nf4 43. Rdd6 Ra1+ 44. Kf2 Ra2+ 45. Ke3 Ng2+ 46. Kd3 Ra3+ 47. Ke4 Ne3 48. Rd3 Rxd3 49. Kxd3 Nd5 50. Rd6 Nf4+ 51. Kc4 Kf7 52. Kb5 e4 53. Nxe4 Ng6 54. Kc6 Ke7 55. Kc7 Nf8 56. Nc5 f5 57. b5 f4 58. Rd4 Nxd7 59. Re4+ Kf6 1-0

[Event "EU-chT Seniors"]
[Site "Vienna"]
[Date "2015.07.14"]
[Round "3.2"]
[White "Birnboim, Nathan"]
[Black "Dekan, Hans"]
[Result "1-0"]
[WhiteElo "2358"]
[BlackElo "2178"]
[PlyCount "79"]
[EventDate "2015.07.12"]
[EventType "team-swiss"]
[EventRounds "9"]
[EventCountry "AUT"]
[SourceTitle "CBM 167 Extra"]
[Source "ChessBase"]
[SourceDate "2015.09.14"]
[SourceVersion "1"]
[SourceVersionDate "2015.09.14"]
[SourceQuality "1"]
[WhiteTeam "Israel"]
[BlackTeam "Eppingen"]
[WhiteTeamCountry "ISR"]
[BlackTeamCountry "GER"]

1. d4 d5 2. c4 dxc4 3. e4 e5 4. Nf3 exd4 5. Bxc4 Bb4+ 6. Nbd2 Nc6 7. 0-0 Nf6 8. e5 Nd5 9. Nb3 0-0 10. Nbxd4 Nb6 11. Nxc6 Qxd1 12. Rxd1 bxc6 13. Bb3 Bg4 14. Bf4 Rad8 15. Rac1 Rxd1+ 16. Rxd1 Nd5 17. Bg3 h6 18. Rd4 Bxf3 19. gxf3 Be7 20. Bxd5 Rd8 21. Rc4 Rxd5 22. Rxc6 Rc5 23. Rxc5 Bxc5 24. f4 g6 25. Kg2 a6 26. Kf3 Kf8 27. f5 Ke7 28. Ke4 c6 29. f4 Kd7 30. b3 Bb4 31. fxg6 fxg6 32. f5 g5 33. h3 Ke7 34. Bf2 Ba3 35. Be3 a5 36. Kf3 Kf7 37. Bd2 Bb2 38. e6+ Kf6 39. Bxa5 Ba3 40. Bd8+ 1-0

[Event "Oberliga Baden 1415"]
[Site "Baden"]
[Date "2015.02.01"]
[Round "6.7"]
[White "Dekan, Hans"]
[Black "Nabavi, Parwis"]
[Result "1/2-1/2"]
[WhiteElo "2189"]
[BlackElo "2201"]
[PlyCount "112"]
[EventDate "2014.09.21"]
[EventType "team-tourn"]
[EventRounds "9"]
[EventCountry "GER"]
[SourceTitle "EXT 2016"]
[Source "ChessBase"]
[SourceDate "2015.10.08"]
[SourceVersion "1"]
[SourceVersionDate "2015.10.08"]
[SourceQuality "1"]
[WhiteTeam "Eppingen II"]
[BlackTeam "Dreisamtal"]
[WhiteTeamCountry "GER"]
[BlackTeamCountry "GER"]

1. e4 e5 2. Nf3 Nc6 3. Bb5 a6 4. Ba4 Nf6 5. 0-0 Be7 6. Re1 b5 7. Bb3 d6 8. c3 0-0 9. h3 Na5 10. Bc2 c5 11. a4 Rb8 12. axb5 axb5 13. d4 Nc6 14. Bg5 Qc7 15. d5 Nd8 16. Bxf6 Bxf6 17. Nbd2 g6 18. Nf1 Bg7 19. Ne3 f6 20. Qb1 Nf7 21. Qa2 Bd7 22. Qa5 Qc8 23. Bd3 h5 24. Qa6 Ra8 25. Qxc8 Rfxc8 26. b4 Bh6 27. Ra5 Rxa5 28. bxa5 Ra8 29. Ra1 Ra6 30. Nf1 c4 31. Be2 Nd8 32. Rb1 Kf7 33. g4 hxg4 34. hxg4 Ke7 35. Nh4 g5 36. Nf5+ Bxf5 37. exf5 Rxa5 38. Ng3 Bg7 39. Kg2 Kf7 40. Ne4 Bf8 41. Rh1 Kg7 42. Rb1 Be7 43. Kf3 Nf7 44. Rb4 Bd8 45. Rb1 Be7 46. Rb2 Bd8 47. Rb1 Kg8 48. Ke3 Kf8 49. Kd2 Ke7 50. Rb2 Bc7 51. Rb1 Bd8 52. Kc2 Ra2+ 53. Kd1 Ra5 54. Kc2 Ra2+ 55. Kd1 Ra5 56. Kc2 Ra2+ 1/2-1/2

[Event "GER-chA Seniors 26th"]
[Site "Bad Neuenahr"]
[Date "2014.08.12"]
[Round "8"]
[White "Dekan, Hans"]
[Black "Ackermann, Hans Werner"]
[Result "0-1"]
[WhiteElo "2172"]
[BlackElo "2252"]
[PlyCount "94"]
[EventDate "2014.08.05"]
[EventType "swiss"]
[EventRounds "9"]
[EventCountry "GER"]
[SourceTitle "EXT 2018"]
[Source "ChessBase"]
[SourceDate "2017.10.13"]
[SourceVersion "1"]
[SourceVersionDate "2017.10.13"]
[SourceQuality "1"]

1. e4 c5 2. Nf3 a6 3. d4 cxd4 4. Nxd4 Nf6 5. Bd3 Nc6 6. Nxc6 dxc6 7. 0-0 e5 8. a4 Be6 9. a5 h6 10. Be3 Nd7 11. Qe2 Bb4 12. Bd2 Bxd2 13. Nxd2 0-0 14. Bc4 Re8 15. Rfd1 Nf8 16. Nb3 Qe7 17. c3 Rad8 18. Bxe6 Nxe6 19. g3 Qf6 20. Kg2 Qg6 21. Kf1 Qg5 22. Qf3 Qe7 23. Qe2 Ng5 24. h4 Ne6 25. Rxd8 Rxd8 26. Rd1 Rxd1+ 27. Qxd1 Nc5 28. Qc2 g6 29. Nxc5 Qxc5 30. Qb3 Qe7 31. Qb4 Qd7 32. Kg2 Kg7 33. Qc5 Qe6 34. Qb4 Qg4 35. Qxb7 Qxe4+ 36. Kh2 Qc4 37. Qc7 Qb5 38. Qb6 Qc4 39. b3 Qxc3 40. Qxa6 Qc2 41. Qb6 c5 42. Qb7 e4 43. Kg2 e3 44. Qf3 e2 45. Qe3 Qd1 46. Qe5+ Kh7 47. Qf6 Qd5+ 0-1